Running your own estate agency
| Main Author: | |
|---|---|
| Format: | Book |
| Published: |
London :
Kogan Page ,
1989
|
| Subjects: |
MARC
| LEADER | 00000cam a2200000 7i4500 | ||
|---|---|---|---|
| 001 | 0000000252 | ||
| 005 | 20040911.0 | ||
| 020 | |a 1850916209 | ||
| 040 | |a INS | ||
| 090 | 0 | 0 | |a HD1379. |b R312 1989 |
| 100 | 1 | |a Redding, Val | |
| 245 | 1 | 0 | |a Running your own estate agency |c Val Redding |
| 260 | |a London : |b Kogan Page , |c 1989 | ||
| 300 | |a 143p. ; |c 22 cm. | ||
| 651 | 0 | |a England |x Estate Agency |x Manuals | |
| 999 | |a 0000003946 |b BOOK |c Open Shelf |e Default branch | ||